All college admission tests reviewer / (Record no. 10278)

MARC details
000 -LEADER
fixed length control field 00595nam a22001817a 4500
003 - CONTROL NUMBER IDENTIFIER
control field OSt
005 - DATE AND TIME OF LATEST TRANSACTION
control field 20260506062320.0
008 - FIXED-LENGTH DATA ELEMENTS--GENERAL INFORMATION
fixed length control field 260506b |||||||| |||| 00| 0 eng d
020 ## - INTERNATIONAL STANDARD BOOK NUMBER
International Standard Book Number 9789710506217
040 ## - CATALOGING SOURCE
Original cataloging agency DWCL Main Lib.
Transcribing agency OC
082 ## - DEWEY DECIMAL CLASSIFICATION NUMBER
Classification number Res. 371.26 A386a 2009
100 ## - MAIN ENTRY--PERSONAL NAME
Personal name Alferes, Merle S.
Relator term Author
245 ## - TITLE STATEMENT
Title All college admission tests reviewer /
Statement of responsibility, etc. Merle S. Alferes
260 ## - PUBLICATION, DISTRIBUTION, ETC.
Place of publication, distribution, etc. Cainta, Rizal, Philippines :
Name of publisher, distributor, etc. MSA Publishing House,
Date of publication, distribution, etc. c2009
300 ## - PHYSICAL DESCRIPTION
Extent 167 pages :
Other physical details illustrations ;
Dimensions 26cm.
650 ## - SUBJECT ADDED ENTRY--TOPICAL TERM
Topical term or geographic name entry element 1. Educational test -- Measurement test.
942 ## - ADDED ENTRY ELEMENTS (KOHA)
Source of classification or shelving scheme Dewey Decimal Classification
Koha item type Book- Reserved
Suppress in OPAC No
952 ## - LOCATION AND ITEM INFORMATION (KOHA)
--
Holdings
Withdrawn status Lost status Source of classification or shelving scheme Damaged status Not for loan Home library Current library Shelving location Date acquired Source of acquisition Cost, normal purchase price Total Checkouts Full call number Barcode Date last seen Copy number Price effective from Koha item type Uniform Resource Identifier
    Dewey Decimal Classification     Junior High School Library Junior High School Library Reserved 09/22/2016 Library Fund 225.00   Res. 371.26 A386a 2009 JHS - 19080 05/06/2026 c1 05/06/2026 BK-0 CIRC